[Event "8e Festival de Vaujany 2017 - principal"]
[Site "Vaujany"]
[Date "2017.07.20"]
[Round "8.9"]
[White "Olivier, Jean-Christophe"]
[Black "Joie, Sebastien"]
[Result "1-0"]
[WhiteElo "2353"]
[BlackElo "2376"]
[PlyCount "105"]
[EventDate "2017.07.13"]
[EventRounds "9"]
[EventCountry "FRA"]

1. e4 c5 2. Nf3 Nc6 3. d4 cxd4 4. Nxd4 e5 5. Nb5 d6 6. c4 Be7 7. N1c3 a6 8. Na3
f5 9. exf5 Bxf5 10. Bd3 Be6 11. Nc2 Nf6 12. Ne3 O-O 13. Ned5 Nd4 14. O-O b5 15.
Be3 Rb8 16. Re1 Nf5 17. b3 Qd7 18. Rc1 Kh8 19. Be2 b4 20. Nxf6 gxf6 21. Nd5 Rg8
22. Kh1 Rg7 23. Bf1 a5 24. Rc2 Rbg8 25. f3 Nxe3 26. Rxe3 f5 27. Nxe7 Qxe7 28.
Rd2 f4 29. Red3 e4 30. fxe4 Bg4 31. Be2 Qxe4 32. Bf3 Bxf3 33. Rxf3 Re8 34. Rxd6
Qe1+ 35. Rf1 Qe4 36. Rd2 h6 37. h3 a4 38. Qf3 a3 39. Qxe4 Rxe4 40. Rdf2 Rge7
41. Kg1 Kg7 42. c5 Rc7 43. Rc2 Rc6 44. Rfc1 Kf6 45. Rc4 Ke5 46. Rxe4+ Kxe4 47.
Kf2 Kd5 48. Kf3 Rxc5 49. Rxc5+ Kxc5 50. Ke4 h5 51. h4 Kd6 52. Kxf4 Kd5 53. g4
1-0

[Event "8e Festival de Vaujany 2017 - principal"]
[Site "?"]
[Date "2017.07.20"]
[Round "8.10"]
[White "Abello, Sebastien"]
[Black "Frederic, Clement"]
[Result "1-0"]
[WhiteElo "2362"]
[BlackElo "2198"]
[PlyCount "63"]

1. d4 f5 2. Nf3 Nf6 3. g3 g6 4. Bg2 Bg7 5. O-O O-O 6. b3 d6 7. Bb2 c6 8. c4 Qc7
9. Nbd2 Re8 10. Re1 e5 11. dxe5 dxe5 12. e4 f4 13. c5 fxg3 14. hxg3 b5 15. a4
Bg4 16. b4 a6 17. Qb3+ Be6 18. Qe3 Nbd7 19. Ng5 Rad8 20. Nxe6 Rxe6 21. Qb3 Nf8
22. Bh3 Qf7 23. Bxe6 Nxe6 24. Nf3 Ng4 25. axb5 axb5 26. Ra7 Qxa7 27. Qxe6+ Qf7
28. Qxg4 Rf8 29. Re3 h5 30. Qh3 Qa2 31. Bc3 g5 32. Qxh5 1-0

[Event "8e Festival de Vaujany 2017 - principal"]
[Site "?"]
[Date "2017.07.20"]
[Round "8.11"]
[White "Degeorges, Mathis"]
[Black "Gedajlovic, Max"]
[Result "0-1"]
[WhiteElo "2061"]
[BlackElo "2324"]
[PlyCount "70"]

1. e4 e6 2. d4 d5 3. Nd2 a6 4. Ngf3 Nf6 5. e5 Nfd7 6. Bd3 c5 7. c3 Nc6 8. Bc2
Be7 9. O-O b5 10. a3 Qb6 11. Nb3 c4 12. Nbd2 a5 13. Re1 Bb7 14. Nf1 b4 15. Bg5
Qd8 16. Bxe7 Qxe7 17. Ng3 b3 18. Bb1 O-O-O 19. Qd2 h6 20. Qf4 Rdg8 21. Qg4 Kb8
22. Re3 Ka8 23. Kf1 Nb6 24. Nh5 Na4 25. Re2 Na7 26. Nh4 Nb5 27. f4 Nbxc3 28.
bxc3 Nxc3 29. Rf2 Ba6 30. Kg1 Rb8 31. Bc2 bxc2 32. Rxc2 Ne4 33. Ng3 h5 34. Nxh5
Qxa3 35. Re1 Qe3+ 0-1

[Event "8e Festival de Vaujany 2017 - principal"]
[Site "?"]
[Date "2017.07.20"]
[Round "8.12"]
[White "Pierecker, Markus"]
[Black "Ratsma, Midas"]
[Result "0-1"]
[WhiteElo "2179"]
[BlackElo "2209"]
[PlyCount "36"]

1. e4 c5 2. Nf3 Nc6 3. d4 cxd4 4. Nxd4 Nf6 5. Nc3 e5 6. Ndb5 d6 7. Nd5 Nxd5 8.
exd5 Nb8 9. c4 Nd7 10. Be2 Be7 11. O-O O-O 12. Kh1 f5 13. f4 a6 14. Nc3 Qc7 15.
b4 b5 16. Qb3 bxc4 17. Bxc4 Bb7 18. Be3 Rac8 0-1

[Event "8e Festival de Vaujany 2017 - principal"]
[Site "Vaujany"]
[Date "2017.07.20"]
[Round "8.13"]
[White "Gazik, Igor"]
[Black "Ratsma, Rosa"]
[Result "1-0"]
[WhiteElo "2273"]
[BlackElo "2194"]
[PlyCount "79"]
[EventDate "2017.07.13"]
[EventRounds "9"]
[EventCountry "FRA"]

1. e4 c5 2. Nf3 d6 3. d4 cxd4 4. Nxd4 e5 5. Nf3 Nf6 6. Nc3 Be7 7. Bg5 O-O 8.
Qd2 Be6 9. Bxf6 Bxf6 10. Nd5 Nc6 11. Bc4 Rc8 12. Bb3 g6 13. Nxf6+ Qxf6 14. h3
Bxb3 15. axb3 d5 16. exd5 e4 17. Nh2 Nd4 18. Ng4 Qg7 19. Ne3 f5 20. Rd1 f4 21.
Nc4 Nf5 22. d6 Rcd8 23. O-O g5 24. Qd5+ Kh8 25. Qxe4 b5 26. Rd5 Qf6 27. Rxb5
Qg6 28. Rd1 g4 29. hxg4 Qxg4 30. Rdd5 Rde8 31. Ne5 Qg7 32. d7 Rd8 33. Nd3 f3
34. Qe5 Rf6 35. g3 Qh6 36. Rb8 Rxb8 37. Qxb8+ Kg7 38. d8=Q Qh3 39. Qh8+ Kf7 40.
Qbe8# 1-0

[Event "8e Festival de Vaujany 2017 - principal"]
[Site "?"]
[Date "2017.07.20"]
[Round "8.14"]
[White "Birovecz, Ben Jordan"]
[Black "Decrop, Benjamin"]
[Result "0-1"]
[WhiteElo "1981"]
[BlackElo "2177"]
[PlyCount "76"]

1. d4 Nf6 2. c4 e6 3. Nc3 Bb4 4. e3 O-O 5. Nge2 c6 6. a3 Ba5 7. g3 d5 8. cxd5
exd5 9. Bg2 Bf5 10. O-O Re8 11. f3 Bc7 12. Nf4 h6 13. Nd3 Nbd7 14. b4 a5 15. b5
Bxd3 16. Qxd3 c5 17. Ra2 cxd4 18. exd4 Nb6 19. Bh3 Bd6 20. Rc2 Re7 21. Qf5 Rc7
22. Re1 Qc8 23. Qxc8+ Nxc8 24. a4 Nb6 25. Ree2 Re8 26. Rxe8+ Nxe8 27. Re2 Kf8
28. Bd2 Bb4 29. Na2 Bxd2 30. Rxd2 Nxa4 31. f4 Nf6 32. Bg2 Ke7 33. Kf2 Kd6 34.
h3 b6 35. g4 Nc3 36. Nxc3 Rxc3 37. Ke1 Ne4 38. Re2 Rc1# 0-1

[Event "8e Festival de Vaujany 2017 - principal"]
[Site "?"]
[Date "2017.07.20"]
[Round "8.15"]
[White "Fodor, Balazs"]
[Black "Soyer, Jean-Yves"]
[Result "1-0"]
[WhiteElo "2117"]
[BlackElo "2084"]
[PlyCount "77"]

1. d4 Nf6 2. c4 c5 3. Nf3 e6 4. g3 cxd4 5. Nxd4 d5 6. Bg2 e5 7. Nf3 d4 8. O-O
Nc6 9. e3 a5 10. exd4 exd4 11. Qa4 Bd7 12. Bf4 Be7 13. Na3 Nh5 14. Bd2 O-O 15.
Nb5 Bc5 16. Qd1 Nf6 17. Bf4 Bf5 18. Ne5 Rc8 19. Nd3 Be7 20. h3 Ne4 21. Re1 Nc5
22. Ne5 Ne6 23. Bd2 Nc5 24. Kh2 Be6 25. b3 Nxe5 26. Rxe5 Bf6 27. Re1 b6 28. Bf4
d3 29. Rb1 Bf5 30. Nd6 d2 31. Qxd2 Bxb1 32. Nxc8 Qxd2 33. Bxd2 Bxa2 34. Nxb6
Nxb3 35. Bf4 Bd4 36. Nd7 g5 37. Bxg5 Rc8 38. Bb7 Rc7 39. Bh6 1-0

[Event "8e Festival de Vaujany 2017 - principal"]
[Site "?"]
[Date "2017.07.20"]
[Round "8.16"]
[White "Montagard, Guillaume"]
[Black "Geher, Koppany"]
[Result "1-0"]
[WhiteElo "2084"]
[BlackElo "1973"]
[PlyCount "117"]

1. c4 Nf6 2. g3 c6 3. Bg2 d5 4. Nf3 g6 5. O-O Bg7 6. Na3 O-O 7. d3 Re8 8. Rb1
e5 9. b4 e4 10. Nd4 exd3 11. Qxd3 dxc4 12. Nxc4 Ng4 13. Bb2 Ne5 14. Nxe5 Bxe5
15. Rfd1 Qc7 16. Nb3 Bxb2 17. Rxb2 Bf5 18. e4 Bg4 19. f3 Be6 20. Nc5 Bc8 21.
Rbd2 b6 22. Nb3 Be6 23. Nd4 a5 24. Nxe6 fxe6 25. bxa5 Rxa5 26. Qc3 Qe5 27. Qxe5
Rxe5 28. Rb1 b5 29. Rc2 g5 30. Kf2 Rc8 31. Ke3 Nd7 32. Rbc1 c5 33. f4 gxf4+ 34.
gxf4 Rh5 35. Bf3 Rh6 36. e5 Rg6 37. Bb7 Rc7 38. Ba6 b4 39. Bb5 Rg7 40. Bxd7
Rgxd7 41. Rxc5 Rxc5 42. Rxc5 Ra7 43. Rc2 Ra3+ 44. Ke4 b3 45. axb3 Rxb3 46. Rc6
Kf7 47. Rc7+ Kg6 48. Re7 Rb6 49. Kf3 Ra6 50. Kg4 Kh6 51. Rf7 Kg6 52. Rf6+ Kg7
53. h4 h6 54. Kh5 Ra4 55. Rxh6 Rxf4 56. Rxe6 Kf7 57. Kg5 Rf1 58. Rf6+ Rxf6 59.
exf6 1-0

[Event "8e Festival de Vaujany 2017 - principal"]
[Site "?"]
[Date "2017.07.20"]
[Round "8.17"]
[White "Kantzer, Romain"]
[Black "Benezra, Amos"]
[Result "1-0"]
[WhiteElo "1846"]
[BlackElo "1907"]
[PlyCount "47"]

1. d4 Nf6 2. Bf4 d6 3. e3 g6 4. Be2 Bg7 5. Nf3 O-O 6. O-O c5 7. c3 Nc6 8. Nbd2
Be6 9. Ng5 cxd4 10. Nxe6 fxe6 11. exd4 Kh8 12. Bg3 Nd5 13. Bg4 e5 14. dxe5 Nxe5
15. Bxe5 Bxe5 16. Nf3 Nf6 17. Ng5 Qa5 18. Ne6 Nxg4 19. Qxg4 Rf6 20. f4 Qd5 21.
Ng5 h5 22. Qh4 Raf8 23. fxe5 Qc5+ 24. Qd4 1-0

[Event "8e Festival de Vaujany 2017 - principal"]
[Site "?"]
[Date "2017.07.20"]
[Round "8.18"]
[White "Suez-Panama, Gilles"]
[Black "Bandet, Raphael"]
[Result "1-0"]
[WhiteElo "2057"]
[BlackElo "2179"]
[PlyCount "117"]
[EventDate "2017.07.15"]

1. Nf3 Nf6 2. b3 g6 3. Bb2 Bg7 4. e3 O-O 5. Be2 d5 6. d4 b6 7. Nbd2 Bb7 8. O-O
Nbd7 9. Rc1 e6 10. c4 c5 11. Qc2 Rc8 12. Qb1 Ne4 13. Rfd1 Qe7 14. dxc5 Ndxc5
15. Bxg7 Kxg7 16. cxd5 Bxd5 17. Nxe4 Nxe4 18. Qb2+ Qf6 19. Qxf6+ Kxf6 20. Ba6
Rxc1 21. Rxc1 Nc5 22. Be2 a5 23. Nd4 Rd8 24. Nb5 Bc6 25. Nd4 Bb7 26. Nb5 Bc6
27. Nd4 Bb7 28. f4 e5 29. fxe5+ Kxe5 30. Bf3 Bxf3 31. gxf3 Rxd4 32. exd4+ Kxd4
33. Rc4+ Ke3 34. Kg2 f5 35. b4 Nd3 36. bxa5 bxa5 37. Ra4 f4 38. Re4+ Kd2 39. h4
h6 40. Kf1 g5 41. h5 Nb4 42. a3 Nc2 43. a4 Ne3+ 44. Kf2 Nd1+ 45. Kg2 Ne3+ 46.
Kf2 Nd1+ 47. Kg1 Ne3 48. Re6 Ke2 49. Rxh6 Kxf3 50. Rf6 Ng4 51. Rg6 Ke2 52. Re6+
Ne3 53. h6 f3 54. Rxe3+ Kxe3 55. Kf1 g4 56. h7 g3 57. h8=Q g2+ 58. Kg1 f2+ 59.
Kxg2 1-0

[Event "8e Festival de Vaujany 2017 - principal"]
[Site "?"]
[Date "2017.07.20"]
[Round "8.19"]
[White "Patole, Noam"]
[Black "Virag, Balint"]
[Result "1-0"]
[WhiteElo "1778"]
[BlackElo "1922"]
[PlyCount "93"]
[EventDate "2017.07.15"]

1. e4 e5 2. Nf3 Nc6 3. d4 exd4 4. Nxd4 Nf6 5. Nxc6 bxc6 6. e5 Qe7 7. Qe2 Nd5 8.
c4 Nb6 9. Nc3 Qe6 10. Qe4 Bb4 11. Bd2 Bxc3 12. Bxc3 d5 13. Qh4 Bb7 14. Be2 Qg6
15. Bb4 Nc8 16. O-O-O Qe4 17. Qxe4 dxe4 18. a4 Nb6 19. Ba5 O-O 20. c5 Nd5 21.
Bc4 Rac8 22. Rhe1 f5 23. exf6 Rxf6 24. Rd2 Re6 25. Rde2 Rce8 26. f3 e3 27. Bxc7
Kh8 28. g3 h6 29. Bf4 Nxf4 30. gxf4 R6e7 31. Bd3 Re6 32. Be4 Rf8 33. Rxe3 Rxf4
34. Rd1 Kg8 35. Bh7+ Kxh7 36. Rxe6 Rxa4 37. Re4 Ra1+ 38. Kc2 Rxd1 39. Kxd1 Ba6
40. Re7 Kg6 41. Rxa7 Bb5 42. Kd2 Kf6 43. Ke3 g6 44. Rb7 Bc4 45. Rb6 Bd5 46. b4
Kf5 47. b5 1-0

[Event "8e Festival de Vaujany 2017 - principal"]
[Site "?"]
[Date "2017.07.20"]
[Round "8.25"]
[White "Geher, Laszlo"]
[Black "Guillaumat, Jean-Pierre"]
[Result "1-0"]
[WhiteElo "1900"]
[BlackElo "1727"]
[PlyCount "59"]
[EventDate "2017.07.15"]

1. e4 c5 2. Nf3 e6 3. d4 cxd4 4. Nxd4 Nf6 5. Nc3 Bb4 6. Bd3 d6 7. O-O O-O 8.
Nce2 Nbd7 9. Bg5 h6 10. Bh4 Bc5 11. c3 a6 12. Bc2 Qc7 13. a4 Ba7 14. Qd2 d5 15.
Bg3 Ne5 16. exd5 exd5 17. Qf4 Bb8 18. Nf5 Bxf5 19. Qxf5 Qd7 20. Nd4 Qxf5 21.
Nxf5 Nc4 22. Bh4 Ne4 23. Ne7+ Kh8 24. Nxd5 Ng5 25. b3 Nd6 26. Nb6 Ra7 27. Nd7
Rd8 28. Nxb8 Rxb8 29. Bg3 Rd8 30. Rad1 1-0

[Event "8e Festival de Vaujany 2017 - principal"]
[Site "Vaujany"]
[Date "2017.07.21"]
[Round "9.1"]
[White "Bauer, Christian"]
[Black "Horvath, Jozsef"]
[Result "1/2-1/2"]
[WhiteElo "2639"]
[BlackElo "2541"]
[PlyCount "26"]
[EventDate "2017.07.13"]
[EventRounds "9"]
[EventCountry "FRA"]

1. d4 Nf6 2. c4 g6 3. Nc3 d5 4. cxd5 Nxd5 5. e4 Nxc3 6. bxc3 Bg7 7. Nf3 c5 8.
Be3 Qa5 9. Nd2 Bd7 10. Nb3 Qxc3+ 11. Bd2 Qb2 12. Bc1 Qc3+ 13. Bd2 Qb2 1/2-1/2

[Event "8e Festival de Vaujany 2017 - principal"]
[Site "Vaujany"]
[Date "2017.07.21"]
[Round "9.2"]
[White "Loiseau, Quentin"]
[Black "Gazik, Viktor"]
[Result "0-1"]
[WhiteElo "2424"]
[BlackElo "2462"]
[PlyCount "80"]
[EventDate "2017.07.13"]
[EventRounds "9"]
[EventCountry "FRA"]

1. e4 c5 2. Nf3 d6 3. c3 Nf6 4. Be2 Nbd7 5. d3 g6 6. O-O Bg7 7. a4 b6 8. Re1
O-O 9. Nbd2 Bb7 10. Bf1 e5 11. b3 d5 12. Bb2 Qc7 13. Qc2 Rad8 14. Rad1 a6 15.
Qb1 b5 16. axb5 axb5 17. exd5 Nxd5 18. c4 bxc4 19. Nxc4 Rfe8 20. Ba1 Nf4 21.
Re3 Nd5 22. Re2 Nb4 23. Nfd2 Nb8 24. Ne4 f5 25. Nc3 N8c6 26. Na2 Nd5 27. Rde1
Nf4 28. Re3 Nd5 29. R3e2 Nd4 30. Bxd4 cxd4 31. g3 e4 32. Bg2 e3 33. Qc1 f4 34.
Rc2 exf2+ 35. Rxf2 fxg3 36. hxg3 Qxg3 37. Na5 Nf4 38. Rxe8+ Rxe8 39. Nxb7 Nh3+
40. Kf1 Qxf2# 0-1

[Event "8e Festival de Vaujany 2017 - principal"]
[Site "?"]
[Date "2017.07.21"]
[Round "9.3"]
[White "Brunner, Nicolas"]
[Black "Lagarde, Maxime"]
[Result "0-1"]
[WhiteElo "2480"]
[BlackElo "2609"]
[PlyCount "118"]
[EventDate "2017.07.15"]

1. d4 Nf6 2. c4 c5 3. d5 e6 4. Nc3 exd5 5. cxd5 d6 6. Nf3 g6 7. Bf4 Bg7 8. Qa4+
Bd7 9. Qb3 b5 10. Bxd6 Qb6 11. Be5 O-O 12. e3 c4 13. Qd1 b4 14. Nb1 Rc8 15. a3
c3 16. bxc3 b3 17. Bd4 Qb7 18. c4 Nxd5 19. Bxg7 Kxg7 20. Qd4+ Kg8 21. Nbd2 Nc7
22. Ne4 Ne8 23. Bd3 a5 24. O-O Nc6 25. Qb2 a4 26. Rac1 Bg4 27. Be2 Na5 28. Ned2
Qe7 29. h3 Bd7 30. Nd4 Rc5 31. Rc3 Rac8 32. Rfc1 Nd6 33. Bd3 R8c7 34. Qb1 Qe8
35. Bf1 Bb5 36. Nxb5 Nxb5 37. Qb2 Nxc3 38. Qxc3 Qe5 39. Qd4 Qxd4 40. exd4 Rd5
41. Nf3 b2 42. Rb1 Nxc4 43. Bxc4 Rxc4 44. Rxb2 Rc1+ 45. Kh2 Rc3 46. Rb8+ Kg7
47. Rb7 Rf5 48. Ra7 Rxa3 49. Kg3 Ra2 50. h4 h5 51. Ra6 Kf8 52. Ra7 a3 53. Ra8+
Ke7 54. Ra6 f6 55. Ra7+ Kd6 56. Ra6+ Kd5 57. Ra5+ Kc4 58. Ra8 Kb4 59. Ne1 Rd2
0-1

[Event "8e Festival de Vaujany 2017 - principal"]
[Site "?"]
[Date "2017.07.21"]
[Round "9.4"]
[White "Godart, Francois"]
[Black "Skomorokhin, Roman"]
[Result "1/2-1/2"]
[WhiteElo "2411"]
[BlackElo "2395"]
[Annotator "Godart,François"]
[PlyCount "127"]
[EventDate "2017.07.15"]

1. d4 Nf6 2. Nf3 e6 3. e3 b6 4. Bd3 Bb7 5. O-O d5 6. b3 Bd6 7. Bb2 O-O 8. Nbd2
c5 9. Ne5 Nc6 10. a3 cxd4 11. exd4 Ne7 12. Qe2 Ng6 13. f4 Rc8 14. Rf3 Qc7 15.
c3 Rfd8 16. Raf1 Qe7 17. a4 Nf8 18. f5 exf5 19. Rxf5 Rc7 20. c4 Bc8 21. R5f2
Be6 22. cxd5 Bxd5 23. Ndc4 Ng6 24. Ne3 Be6 25. Nf5 Bxf5 26. Rxf5 Bxe5 27. dxe5
Nd5 28. Kh1 Nf8 29. Bc4 Ne6 30. Qf3 (30. Rxf7 Qxf7 31. Rxf7 Rxf7 32. h3 Kh8 33.
Qg4 Nec7 34. e6 Re7 35. Qf5 h6 (35... Ree8)) 30... g6 31. Qg3 Ne3 32. Rxf7 Qxf7
33. Qxe3 Rxc4 34. Rxf7 Rd1+ 35. Qg1 Rxg1+ 36. Kxg1 Kxf7 37. bxc4 Nc5 38. Bd4
Nxa4 39. Kf2 Ke6 40. Ke3 Nc5 41. Kf4 Nd7 42. h4 h6 43. g4 Nb8 44. Ke4 Nc6 45.
Bc3 a6 46. Bd2 Nxe5 47. Bxh6 Nxg4 48. Bg7 Nf6+ 49. Kd4 Ne8 50. Bh6 Nd6 51. Bg5
Nb7 52. Bf4 b5 53. cxb5 axb5 54. Bc7 Kf5 55. Kd5 b4 56. Kc4 Nc5 57. Bd8 b3 58.
Kc3 Kg4 59. Be7 Ne4+ 60. Kxb3 Nd2+ 61. Kc2 Nf3 62. Kd3 Nxh4 63. Ke2 Nf5 64. Bd8
1/2-1/2

[Event "8e Festival de Vaujany 2017 - principal"]
[Site "?"]
[Date "2017.07.21"]
[Round "9.5"]
[White "Collas, Silvia"]
[Black "Maiorov, Nikita"]
[Result "0-1"]
[WhiteElo "2296"]
[BlackElo "2531"]
[PlyCount "44"]
[EventDate "2017.07.15"]

1. d4 Nf6 2. c4 e6 3. g3 Bb4+ 4. Nd2 a5 5. Bg2 O-O 6. e4 d5 7. cxd5 exd5 8. e5
Nfd7 9. Ne2 c5 10. a3 Bxd2+ 11. Qxd2 Nc6 12. O-O cxd4 13. Nxd4 Ndxe5 14. Nxc6
bxc6 15. Qc3 Qf6 16. Bf4 Ng6 17. Qxf6 gxf6 18. Bd2 a4 19. Rfc1 Bd7 20. Be3 f5
21. f4 f6 22. Bf3 Kg7 {illisible, etc.} 0-1

[Event "8e Festival de Vaujany 2017 - principal"]
[Site "?"]
[Date "2017.07.21"]
[Round "9.6"]
[White "Gedajlovic, Max"]
[Black "Collas, Didier"]
[Result "1/2-1/2"]
[WhiteElo "2324"]
[BlackElo "2376"]
[PlyCount "59"]
[EventDate "2017.07.15"]

1. d4 Nf6 2. c4 c5 3. d5 e6 4. Nf3 exd5 5. cxd5 d6 6. e4 g6 7. Bd3 Bg7 8. O-O
O-O 9. h3 b5 10. Re1 Ba6 11. a4 b4 12. Bxa6 Nxa6 13. Qd3 Nc7 14. Nbd2 Nh5 15.
Nc4 f5 16. Bg5 Qd7 17. exf5 Qxf5 18. Rad1 Qxd3 19. Rxd3 Nf4 20. Rb3 Ncxd5 21.
Nxd6 h6 22. Be7 Nxe7 23. Rxe7 Nd5 24. Re4 Rfd8 25. Nb7 Rdc8 26. Nd2 Rc7 27. Nd6
Rd8 28. Ne8 Rcd7 29. Nxg7 Kxg7 30. Nc4 1/2-1/2

[Event "8e Festival de Vaujany 2017 - principal"]
[Site "?"]
[Date "2017.07.21"]
[Round "9.7"]
[White "Van Osch, Mees"]
[Black "Abello, Sebastien"]
[Result "0-1"]
[WhiteElo "2316"]
[BlackElo "2362"]
[PlyCount "80"]
[EventDate "2017.07.15"]

1. e4 e6 2. d4 d5 3. Nc3 Nf6 4. e5 Nfd7 5. f4 c5 6. Nf3 Nc6 7. Be3 a6 8. Qd2 b5
9. dxc5 Bxc5 10. Bd3 Qb6 11. Bf2 Bb7 12. a3 Rc8 13. O-O Bxf2+ 14. Rxf2 Nc5 15.
f5 b4 16. axb4 Nxb4 17. Na4 Nxa4 18. Rxa4 Nxd3 19. cxd3 exf5 20. Nd4 g6 21. e6
O-O 22. Nxf5 Qxe6 23. Nh6+ Kg7 24. Rb4 Rc7 25. Ng4 f5 26. Re2 Qc6 27. Qh6+ Kg8
28. Rf4 Qc1+ 29. Kf2 Qxf4+ 30. Qxf4 fxg4 31. Kg3 Rxf4 32. Kxf4 Kf7 33. Kxg4
Bc8+ 34. Kg5 Bf5 35. Re5 Rb7 36. g4 Bxd3 37. Rxd5 Rb5 38. Rxb5 axb5 39. Kh6 Ke6
40. Kxh7 Kd5 0-1

[Event "8e Festival de Vaujany 2017 - principal"]
[Site "?"]
[Date "2017.07.21"]
[Round "9.8"]
[White "Ratsma, Midas"]
[Black "Olivier, Jean-Christophe"]
[Result "0-1"]
[WhiteElo "2209"]
[BlackElo "2353"]
[PlyCount "56"]
[EventDate "2017.07.15"]

1. e4 e5 2. Nc3 Nf6 3. f4 d5 4. fxe5 Nxe4 5. Qf3 Nc6 6. Bb5 Nxc3 7. dxc3 a6 8.
Bxc6+ bxc6 9. Qg3 Bf5 10. Nf3 Qd7 11. Nd4 Bg6 12. Be3 c5 13. Nf3 Be7 14. h4
Bxc2 15. Rc1 Bd3 16. Qxg7 O-O-O 17. Qh6 Rhg8 18. Kf2 Rg6 19. Qf4 f6 20. b4 Rdg8
21. Rhg1 Rg4 22. Qh6 Qf5 23. exf6 Bd6 24. Ke1 Rxg2 25. Rxg2 Rxg2 26. Ng5 Bg3+
27. Kd1 Qg4+ 28. Nf3 Qxf3# 0-1

[Event "8e Festival de Vaujany 2017 - principal"]
[Site "?"]
[Date "2017.07.21"]
[Round "9.9"]
[White "Dudognon, Thibault"]
[Black "Midoux, Sebastien"]
[Result "1/2-1/2"]
[WhiteElo "2201"]
[BlackElo "2339"]
[PlyCount "59"]
[EventDate "2017.07.15"]

1. c4 c6 2. d4 d5 3. cxd5 cxd5 4. Nc3 Nf6 5. Bf4 Nc6 6. Nf3 Bf5 7. e3 e6 8. Bd3
Bxd3 9. Qxd3 Bd6 10. Bxd6 Qxd6 11. O-O O-O 12. Rac1 Rfc8 13. h3 a6 14. a3 Rc7
15. Rc2 Rac8 16. Rfc1 Nb8 17. Ne2 Kf8 18. Rxc7 Rxc7 19. Rxc7 Qxc7 20. Qc3 Qxc3
21. Nxc3 Ke7 22. Kf1 Nbd7 23. Ke2 Kd6 24. Kd3 h6 25. g3 Ng8 26. Ne1 Ne7 27. f4
g5 28. Nf3 Nc6 29. Nb1 Nf6 30. Nc3 1/2-1/2

[Event "8e Festival de Vaujany 2017 - principal"]
[Site "?"]
[Date "2017.07.21"]
[Round "9.10"]
[White "Decrop, Benjamin"]
[Black "Van Foreest, Lucas"]
[Result "0-1"]
[WhiteElo "2177"]
[BlackElo "2473"]
[PlyCount "114"]
[EventDate "2017.07.15"]

1. e4 a6 2. d4 e6 3. Nf3 d5 4. exd5 exd5 5. Bd3 Bd6 6. Bg5 Ne7 7. Nbd2 O-O 8.
O-O f6 9. Bh4 Nf5 10. Bg3 Nxg3 11. hxg3 Nc6 12. c3 Be6 13. Qc2 Kh8 14. Nh4 g6
15. Rae1 Bf7 16. Re2 Qd7 17. Rfe1 Rae8 18. b4 Rxe2 19. Rxe2 Re8 20. Nb3 Rxe2
21. Qxe2 Qe7 22. Qd2 Nd8 23. Kf1 Kg7 24. Na1 Qd7 25. Nc2 Be6 26. Ne3 Bf8 27.
Qc2 Bf7 28. Be2 Nc6 29. Qa4 Qe8 30. Bf3 Qd7 31. Be2 Be6 32. Bd3 Ne7 33. Qc2 Bf7
34. Qd1 Qc6 35. Qd2 Qa4 36. Ng4 Ng8 37. Kg1 a5 38. bxa5 Qxa5 39. Ne3 c5 40. Bb1
c4 41. Qc2 Ne7 42. Ng4 b5 43. Qc1 Ng8 44. f4 Qa3 45. Qxa3 Bxa3 46. Ne3 Ne7 47.
Kf2 Nc6 48. Nf3 Kf8 49. Ke2 Ke7 50. g4 Bb2 51. Kd2 b4 52. Nd1 bxc3+ 53. Nxc3
Ba3 54. g5 fxg5 55. Nxg5 Bb4 56. Nf3 Be6 57. Kc2 Bf5+ 0-1

[Event "8e Festival de Vaujany 2017 - principal"]
[Site "?"]
[Date "2017.07.21"]
[Round "9.11"]
[White "Piceu, Tom"]
[Black "Kantzer, Roman"]
[Result "1-0"]
[WhiteElo "2378"]
[BlackElo "1846"]
[PlyCount "103"]
[EventDate "2017.07.15"]

1. c4 c5 2. Nc3 Nc6 3. g3 g6 4. Bg2 Bg7 5. e3 d6 6. Nge2 e5 7. O-O Nge7 8. a3
a5 9. Nd5 O-O 10. Nec3 Be6 11. Rb1 Kh8 12. d3 f5 13. Bd2 Bh6 14. f4 Bg8 15. b4
Nxd5 16. cxd5 Ne7 17. bxc5 dxc5 18. Rxb7 Nxd5 19. Qa4 Nf6 20. Qb5 c4 21. Qxe5
Qxd3 22. Rd1 Rae8 23. Qxa5 Rxe3 24. Bxe3 Qxe3+ 25. Kh1 Ng4 26. Rf1 Bg7 27. Nd1
Qe2 28. Qe1 Qxg2+ 29. Kxg2 Bd5+ 30. Kh3 Bxb7 31. Qb4 Bd5 32. Nc3 Ba8 33. Qc5
Re8 34. Re1 Rd8 35. Rd1 Re8 36. Nd5 h6 37. Rd2 Bxd5 38. Qxd5 c3 39. Rc2 Kh7 40.
Qd7 Nf6 41. Qc6 Re3 42. Rxc3 Re1 43. Rc2 Ne4 44. Kg2 Ra1 45. a4 h5 46. Qc4 Nf6
47. Ra2 Ng4 48. Qf7 Rc1 49. a5 Ne3+ 50. Kf3 Nd1 51. a6 Nc3 52. a7 1-0

[Event "8e Festival de Vaujany 2017 - principal"]
[Site "Vaujany"]
[Date "2017.07.21"]
[Round "9.12"]
[White "Fodor, Balazs"]
[Black "Gazik, Igor"]
[Result "1-0"]
[WhiteElo "2117"]
[BlackElo "2273"]
[PlyCount "77"]
[EventDate "2017.07.13"]
[EventRounds "9"]
[EventCountry "FRA"]

1. d4 f5 2. Nf3 g6 3. g3 Nf6 4. Bg2 Bg7 5. O-O O-O 6. c4 c6 7. Nc3 d6 8. Qc2
Na6 9. Rd1 Qe8 10. a3 e5 11. e3 h6 12. b4 Nc7 13. dxe5 dxe5 14. Bb2 g5 15. Nxe5
Qxe5 16. Nd5 Qxb2 17. Qxb2 Nfxd5 18. Qc2 Nc3 19. Rd3 Ne2+ 20. Qxe2 Bxa1 21. Rd1
Bg7 22. b5 c5 23. Qd2 Be6 24. Bxb7 Rab8 25. Bc6 Bxc4 26. a4 Bb3 27. Rb1 Rfd8
28. Qa5 c4 29. Qxc7 c3 30. Bd7 Bd5 31. Bxf5 Bf3 32. a5 Rf8 33. g4 Rb7 34. Qd6
Rf6 35. Qd3 Rbf7 36. e4 c2 37. Qxc2 h5 38. b6 axb6 39. axb6 1-0

[Event "8e Festival de Vaujany 2017 - principal"]
[Site "?"]
[Date "2017.07.21"]
[Round "9.13"]
[White "Frederic, Clement"]
[Black "Montagard, Guillaume"]
[Result "1-0"]
[WhiteElo "2198"]
[BlackElo "2084"]
[PlyCount "35"]
[EventDate "2017.07.15"]

1. e4 c6 2. d4 d5 3. f3 dxe4 4. fxe4 e5 5. Nf3 Bg4 6. Bc4 Nf6 7. Bxf7+ Ke7 8.
Bb3 Bxf3 9. Qxf3 Qxd4 10. Nc3 Nbd7 11. Bg5 Nc5 12. Rf1 Qd6 13. Rd1 Rd8 14. Rxd6
Rxd6 15. Be3 Nxb3 16. axb3 b6 17. g4 h6 18. h4 1-0

[Event "8e Festival de Vaujany 2017 - principal"]
[Site "?"]
[Date "2017.07.21"]
[Round "9.14"]
[White "Joie, Sebastien"]
[Black "Suez-Panama, Gilles"]
[Result "1-0"]
[WhiteElo "2376"]
[BlackElo "2057"]
[PlyCount "81"]
[EventDate "2017.07.15"]

1. Nf3 Nf6 2. g3 g6 3. b3 Bg7 4. Bb2 O-O 5. Bg2 d6 6. d4 c6 7. Nbd2 Bf5 8. O-O
Qc8 9. Re1 Bh3 10. e4 Bxg2 11. Kxg2 h5 12. Qe2 Ng4 13. a4 c5 14. Nc4 cxd4 15.
Bxd4 Nc6 16. Bxg7 Kxg7 17. Rad1 Qc7 18. h3 Nge5 19. Nfxe5 dxe5 20. Rd3 Rad8 21.
Red1 Nd4 22. Qd2 f6 23. Ne3 e6 24. Qb4 Qc6 25. f3 Nxc2 26. Qe7+ Kh6 27. Rxd8
Nxe3+ 28. Kh1 Rxd8 29. Qxd8 Nf5 30. Qh8+ Kg5 31. h4+ Nxh4 32. gxh4+ Kf4 33.
Qxf6+ Ke3 34. Qg5+ Kxf3 35. Rd3+ Kxe4 36. Rd1 Kf3 37. Kh2 Qc2+ 38. Rd2 Qf5 39.
Qg3+ Ke4 40. Qd3+ Kf4 41. Rf2+ 1-0

[Event "8e Festival de Vaujany 2017 - principal"]
[Site "?"]
[Date "2017.07.21"]
[Round "9.15"]
[White "Ratsma, Rosa"]
[Black "Degeorghes, Mathis"]
[Result "1-0"]
[WhiteElo "2194"]
[BlackElo "2061"]
[PlyCount "59"]
[EventDate "2017.07.15"]

1. e4 e5 2. Nf3 Nc6 3. Bb5 a6 4. Ba4 Nf6 5. O-O b5 6. Bb3 Bc5 7. a4 Rb8 8. Nxe5
Nxe5 9. d4 Bxd4 10. Qxd4 d6 11. f4 Nc6 12. Qc3 Ne7 13. Qd3 O-O 14. Nc3 c5 15.
axb5 axb5 16. Nxb5 Nxe4 17. Qxe4 Rxb5 18. Ra7 c4 19. Bxc4 d5 20. Rd1 Rb7 21.
Rxb7 Bxb7 22. Qe5 Re8 23. Bd3 Ng6 24. Qd4 Qh4 25. Rf1 h5 26. Bd2 Qg4 27. h3 Qe6
28. f5 Qe5 29. Qb4 Rb8 30. fxg6 1-0